000
00432nam a2200133Ia 4500
008
100328s9999 xx 000 0 und d
082
_b
17527
100
_a
शर्मा लक्ष्मीनारायण
245
_a
संयम और सेक्स
260
_b
शिक्षा भारती
630
_a
संयम और सेक्स
730
_a
संयम और सेक्स
942
_c
BOOK
999
_c
512092
_d
512089